000 00567cam a2200145 4500500
005 20260208002416.0
041 _afre
042 _adc
100 1 0 _aAugustins, Georges
_eauthor
245 0 0 _aMarinella Carosso, La Généalogie muette. Résonances d’un terme de parenté en Sardaigne, Paris, Éd. du cnrs – Éd. de la msh, 2006, 296 p., ill.
260 _c2008.
500 _a9
786 0 _nL'Homme | 185-186 | 1 | 2008-06-01 | p. 495p-540p | 0439-4216
856 4 1 _uhttps://shs.cairn.info/revue-l-homme-2008-1-page-495p?lang=fr&redirect-ssocas=7080
999 _c1646190
_d1646190